Bird books and bird art ; an outline of the literary history and iconography of descriptive ornithology based principally on the collection of books containing plates with figures of birds and their eggs now in the University library at Copenhagen and including a catalogue of these works /

Bibliographic Details
Main Author: Anker, Jean, 1892-1957
Corporate Author: Københavns universitet. Universitetsbiblioteket
Format: Book
Language:English
Published: Copenhagen : Levin & Munksgaard, 1938.
Subjects:

MARC

Tag First Indicator Second Indicator Subfields
LEADER 00000cam a2200000 4500
001 in00000046596
005 20151007073306.0
008 780131s1938 dk af b 01110 eng
010 |a  40030319  
035 |a (OCoLC)03590139 
035 |9 AAE9469AM 
040 |a DLC  |c AMH  |d OCL  |d TXA  |d UtOrBLW 
049 |a TXAM  |c [164230] 
050 0 0 |a Z5331  |b .A62 
082 0 |a 016.5982 
092 |a 598.2  |b AA611b 
100 1 |a Anker, Jean,  |d 1892-1957. 
245 1 0 |a Bird books and bird art ;  |b an outline of the literary history and iconography of descriptive ornithology based principally on the collection of books containing plates with figures of birds and their eggs now in the University library at Copenhagen and including a catalogue of these works /  |c written and compiled by Jean Anker, issued by the University library, Copenhagen, to commemorate the inauguration of the new building of the library. 
264 1 |a Copenhagen :  |b Levin & Munksgaard,  |c 1938. 
300 |a xviii, 251 pages :  |b color frontispiece, 1 illustration, XII plate (part color) ;  |c 31 x 25 cm. 
336 |a text  |b txt  |2 rdacontent 
337 |a unmediated  |b n  |2 rdamedia 
338 |a volume  |b nc  |2 rdacarrier 
500 |a Each plate accompanied by guard sheet with descriptive letterpress. 
504 |a Bibliography: pages [217]-228. 
650 0 |a Birds  |v Pictorial works  |x Bibliography. 
650 0 |a Birds  |v Bibliography  |x Catalogs. 
710 2 |a Københavns universitet.  |b Universitetsbiblioteket. 
999 |a MARS 
999 f f |s 6459ad28-f6cc-36a6-8474-b8012c66071d  |i 10ddad5d-9843-338c-aabd-94ff6408e213  |t 0 
952 f f |p ric  |a Texas A&M University  |b Rellis Campus  |c Joint Library Facility  |d Remote Storage  |t 0  |e Z5331 .A62  |h Library of Congress classification  |i unmediated -- volume  |m A14801020301 
998 f f |a Z5331 .A62  |t 0  |l Remote Storage